=LDR 00000nam 2200000 4500 =001 INLIS000000000029965 =005 20130612132143 =008 ***********************************Ind** =035 ##$$0010-061300000029965 =041 ##$$a Ind =082 ##$$a 338.642 =090 ##$$a 338.642, Bah p =100 ##$$a Bahagia, M. Qadarian =245 ##$$a Profil industri kesil kerajinan rumah tangga tahun 2005, M. Qadarian Bahagia =260 ##$$a 2005 $b Jakarta =300 ##$$a xv, 49 hlm, 28 cm =650 ##$$a Industri kecil =850 ##$$a NBPNMAT